Reasoning N'Reasoning (Record no. 166888)

MARC details
000 -LEADER
fixed length control field 00330nam a2200145Ia 4500
008 - FIXED-LENGTH DATA ELEMENTS--GENERAL INFORMATION
fixed length control field 231217s9999 xx 000 0 und d
041 ## - LANGUAGE CODE
Language code of text/sound track or separate title English
082 ## - DEWEY DECIMAL CLASSIFICATION NUMBER
Classification number 160.076 CHO `R'
100 ## - MAIN ENTRY--PERSONAL NAME
Personal name Chopra, Ravi
245 #0 - TITLE STATEMENT
Title Reasoning N'Reasoning
260 ## - PUBLICATION, DISTRIBUTION, ETC.
Date of publication, distribution, etc. 2000
Name of publisher, distributor, etc. Galgotia
300 ## - PHYSICAL DESCRIPTION
Extent 1157
650 ## - SUBJECT ADDED ENTRY--TOPICAL TERM
Topical term or geographic name entry element Reasoning
942 ## - ADDED ENTRY ELEMENTS (KOHA)
Koha item type Books
Holdings
Date last seen Total checkouts Full call number Accession number Cost, total (INR) price Price effective from Category Lost status Damaged status Department Withdrawn status Home library Current library Entry date Vendor Cost, normal purchase price Grants Billnumber Billdate Currency symbol Conversion rate Discount Old discount
26/01/2024   160.076 CHO `R' 14908 127.50 26/01/2024 Books     Central Library   Central Library Central Library 15/03/2000 VBH 150.00 GEN 1101 21/11/2002 RS 1 22.5 15
26/01/2024   160.076 CHO;1 `R1' 14963 127.50 26/01/2024 Books     Central Library   Central Library Central Library 21/03/2000 VBH 150.00 MCA 1105 03/01/2003 RS 1 22.5 15

© For any Suggestions or Query, please contact the library staff @ librarian@pes.edu or Phone: +9180 2672 1983/ 2108.